000
00342nam a2200133 a 4500
005
20140414132051.0
008
110712s19uu xx 00 eng d
050
_a
REF 031
_b
CHI V.13
245
_a
Childcraft: Mathemagic.
260
_a
Chicago :
_b
World Book, Inc.,
_c
1987.
440
_a
Childcraft
650
_a
Mathematics
999
_c
114176
_d
114176